Song of Lawino and song of Ocol (Record no. 1393)

000 -LEADER
fixed length control field 00397nam a22001577a 4500
003 - CONTROL NUMBER IDENTIFIER
control field OSt
005 - DATE AND TIME OF LATEST TRANSACTION
control field 20141001082531.0
008 - FIXED-LENGTH DATA ELEMENTS--GENERAL INFORMATION
fixed length control field 141001b xxu||||| |||| 00| 0 eng d
020 ## - INTERNATIONAL STANDARD BOOK NUMBER
International Standard Book Number 9789966467089
050 ## - LIBRARY OF CONGRESS CALL NUMBER
Classification number PR 9402.9 1973
100 ## - MAIN ENTRY--PERSONAL NAME
Personal name P'Bitek, Okot
245 ## - TITLE STATEMENT
Title Song of Lawino and song of Ocol
Statement of responsibility, etc Okot P'Bitek
260 ## - PUBLICATION, DISTRIBUTION, ETC. (IMPRINT)
Place of publication, distribution, etc Nairobi
Name of publisher, distributor, etc E.A.P.H.
Date of publication, distribution, etc 1972
300 ## - PHYSICAL DESCRIPTION
Extent 254p.:
Other physical details ill.
942 ## - ADDED ENTRY ELEMENTS (KOHA)
Source of classification or shelving scheme
Koha item type Book
Holdings
Withdrawn status Lost status Source of classification or shelving scheme Damaged status Not for loan Home library Current library Shelving location Date acquired Total Checkouts Total Renewals Full call number Barcode Date last seen Date checked out Copy number Price effective from Koha item type
          Riara University Library Riara University Library General stack 01/10/2014 8 1 PR 9402.9 B58 1973 4990/14 25/02/2025 06/02/2025 C.1 01/10/2014 Book
          Riara University Library Riara University Library General stack 04/02/2016 8 2 PR 9402.9 B58 1973 6823/16 06/02/2020 16/10/2017 C.2 04/02/2016 Book
          Riara University Library Riara University Library General stack 04/02/2016 1   PR 9402.9 B58 1973 6824/16 19/10/2017 03/10/2017 C.3 04/02/2016 Book
          Riara University Library Riara University Library General stack 04/02/2016 2   PR 9402.9 B58 1973 6825/16 12/10/2017 03/10/2017 C.4 04/02/2016 Book
          Riara University Library Riara University Library General stack 04/02/2016 5   PR 9402.9 B58 1973 6826/16 21/10/2022 13/09/2021 C.5 04/02/2016 Book
          Riara University Library Riara University Library General stack 04/02/2016 3   PR 9402.9 B58 1973 6827/16 19/10/2022 19/10/2022 C.6 04/02/2016 Book

Riara University Library,
P.O. Box 49940-00100,
Nairobi, Kenya.